Global issues in language, education and development : (Record no. 9636)

MARC details
000 -LEADER
fixed length control field 00673 a2200193 4500
010 ## - LIBRARY OF CONGRESS CONTROL NUMBER
LC control number ENG-88996
020 ## - INTERNATIONAL STANDARD BOOK NUMBER
Terms of availability 495.00
International Standard Book Number 8125032673
035 ## - SYSTEM CONTROL NUMBER
System control number EN-72529
037 ## - SOURCE OF ACQUISITION
Source of stock number/acquisition DBAD / PUB
082 14 - DEWEY DECIMAL CLASSIFICATION NUMBER
Classification number 306.449
090 ## - LOCALLY ASSIGNED LC-TYPE CALL NUMBER (OCLC); LOCAL CALL NUMBER (OCLC)
-- 9815
-- 9815
100 ## - MAIN ENTRY--PERSONAL NAME
Personal name Naz Rassool
245 10 - TITLE STATEMENT
Title Global issues in language, education and development :
Statement of responsibility, etc by Naz Rassool
Remainder of title perspectives from postcolonial countries /
260 ## - PUBLICATION, DISTRIBUTION, ETC. (IMPRINT)
Place of publication, distribution, etc New Delhi
Name of publisher, distributor, etc Orien Longman
Date of publication, distribution, etc 2007
270 ## - ADDRESS
Address 1/24, Asaf Ali Road,
City New Delhi
Postal code 110 002
300 ## - PHYSICAL DESCRIPTION
Extent xii, 291p.
Dimensions 22 cm (pbk)
942 ## - ADDED ENTRY ELEMENTS (KOHA)
Institution code [OBSOLETE] dpl
Koha item type English Books
Call number prefix 306.449 / RAS
Holdings
Withdrawn status Lost status Source of classification or shelving scheme Damaged status Not for loan Collection code Home library Current library Source of acquisition Cost, normal purchase price Total Checkouts Full call number Barcode Date last seen Copy number Uniform Resource Identifier Cost, replacement price Price effective from Koha item type
    Dewey Decimal Classification   Not For Loan Non-fiction D.B.Act.Division D.B.Act.Division DBAD/PUB 495.00   306.449 NAZ EN-72529 15/09/2008 1 10624 495.00 15/09/2008 English Books

© Delhi Public Library
Hit Counter
free hit counter